[Event "Harburg-chF 5th"]
[Site "Hamburg"]
[Date "2007.07.07"]
[Round "2"]
[White "Draeger, Klaus"]
[Black "Tavassoli, Bijan"]
[Result "1-0"]
[WhiteElo "1852"]
[BlackElo "1799"]
[PlyCount "115"]
[EventDate "2007.07.06"]
[EventType "tourn"]
[EventRounds "5"]
[EventCountry "GER"]
[SourceTitle "EXT 2008"]
[Source "ChessBase"]
[SourceDate "2007.11.25"]
[SourceVersion "1"]
[SourceVersionDate "2007.11.25"]
[SourceQuality "1"]

1. e4 e5 2. d4 exd4 3. c3 dxc3 4. Bc4 cxb2 5. Bxb2 Nf6 6. e5 Qe7 7. Qe2 Ng8 8. Nc3 Nh6 9. Nf3 b6 10. 0-0 Bb7 11. Nb5 Na6 12. Rfe1 Nf5 13. Ba3 d6 14. exd6 Qxe2 15. Rxe2+ Kd8 16. dxc7+ Nxc7 17. Rd1+ Kc8 18. Bxf8 Rxf8 19. Ng5 Nxb5 20. Bxb5 f6 21. Rc2+ Kb8 22. Ne6 Rc8 23. Rxc8+ Bxc8 24. Rd8 Kb7 25. Bd3 Ne7 26. Be4+ Nc6 27. Nd4 Kc7 28. Bxc6 Kxd8 29. Bxa8 Ba6 30. Ne6+ Kd7 31. Nxg7 Bc4 32. a3 a5 33. Nh5 Ke7 34. a4 b5 35. axb5 Bxb5 36. Bd5 a4 37. Nf4 a3 38. f3 Be8 39. Nd3 Bf7 40. Bxf7 Kxf7 41. Nc1 Ke6 42. Kf2 Kd5 43. Ke3 Ke5 44. g3 f5 45. Nd3+ Kd5 46. Nb4+ Kc4 47. Nc2 a2 48. Kd2 Kb3 49. g4 f4 50. Kd3 h6 51. h4 Kb2 52. g5 hxg5 53. hxg5 Kc1 54. g6 Kb1 55. g7 Kc1 56. g8Q Kb2 57. Qg7+ Kb3 58. Qc3+ 1-0

[Event "Hamburg Koenigsspringer Elo op 5th"]
[Site "Hamburg"]
[Date "2007.05.18"]
[Round "3"]
[White "Becker Bertau, Friedrich"]
[Black "Tavassoli, Bijan"]
[Result "1-0"]
[WhiteElo "1954"]
[BlackElo "1590"]
[PlyCount "31"]
[EventDate "2007.05.17"]
[EventType "swiss"]
[EventRounds "7"]
[EventCountry "GER"]
[SourceTitle "EXT 2009"]
[Source "ChessBase"]
[SourceDate "2008.11.26"]
[SourceVersion "1"]
[SourceVersionDate "2008.11.26"]
[SourceQuality "1"]

1. e4 e5 2. Bc4 Nf6 3. Nc3 Bc5 4. d3 d6 5. Nf3 0-0 6. Bg5 h6 7. Bh4 c6 8. Qd2 Nbd7 9. h3 a5 10. a3 Qb6 11. Bb3 Re8 12. g4 Bb4 13. g5 hxg5 14. Rg1 gxh4 15. Qg5 g6 16. Qxg6+ 1-0

[Event "Hamburg HSK Elo op 5th"]
[Site "Hamburg"]
[Date "2007.05.01"]
[Round "7.24"]
[White "Tavassoli, Bijan"]
[Black "Klausch, Uwe"]
[Result "1-0"]
[WhiteElo "1615"]
[BlackElo "1729"]
[PlyCount "135"]
[EventDate "2007.04.28"]
[EventType "swiss"]
[EventRounds "7"]
[EventCountry "GER"]
[SourceTitle "EXT 2009"]
[Source "ChessBase"]
[SourceDate "2008.11.26"]
[SourceVersion "1"]
[SourceVersionDate "2008.11.26"]
[SourceQuality "1"]

1. d4 Nf6 2. c4 g6 3. Nc3 Bg7 4. e4 d6 5. f3 0-0 6. Be3 e5 7. d5 b6 8. a3 a5 9. Nge2 Na6 10. Na2 Nc5 11. b4 Nb7 12. Nec3 axb4 13. axb4 Bd7 14. b5 Nh5 15. Be2 Nf4 16. 0-0 f5 17. Nb4 Rxa1 18. Qxa1 Na5 19. Qa2 Qg5 20. Bxf4 Qxf4 21. Qc2 Qg5 22. Kh1 f4 23. Na6 Qd8 24. Na2 Bc8 25. N6b4 Qf6 26. Nc1 g5 27. Nb3 Nxb3 28. Qxb3 Bb7 29. Ra1 Rb8 30. Ra7 Qf8 31. Qa4 Ra8 32. Rxa8 Bxa8 33. Qa7 Qc8 34. Na6 Bb7 35. Bd1 Bf6 36. Nb4 Kf7 37. Qa3 h6 38. Be2 Ke8 39. Qa7 Kf7 40. g3 fxg3 41. hxg3 Qh3+ 42. Kg1 Qxg3+ 43. Kf1 Qh3+ 44. Kf2 Qc8 45. Kg3 Bd8 46. Bf1 Qa8 47. Qxa8 Bxa8 48. Bh3 Bb7 49. Be6+ Kg6 50. Bf5+ Kf7 51. Kg4 Ke8 52. Kh5 Be7 53. Kxh6 Kd8 54. Nd3 Bc8 55. Bxc8 Kxc8 56. Nf2 Kd7 57. Nh3 Bd8 58. Kg6 Be7 59. Nf2 Bd8 60. Kf7 Be7 61. Ng4 Bd8 62. Nh6 Be7 63. Ng8 Bd8 64. Kf8 c6 65. bxc6+ Kc8 66. Kf7 Bc7 67. Ke7 Bd8+ 68. Kxd6 1-0

[Event "Hamburg HSK Elo op 5th"]
[Site "Hamburg"]
[Date "2007.04.30"]
[Round "5.23"]
[White "Nixdorf, Andre"]
[Black "Tavassoli, Bijan"]
[Result "1-0"]
[WhiteElo "2025"]
[BlackElo "1615"]
[PlyCount "81"]
[EventDate "2007.04.28"]
[EventType "swiss"]
[EventRounds "7"]
[EventCountry "GER"]
[SourceTitle "EXT 2009"]
[Source "ChessBase"]
[SourceDate "2008.11.26"]
[SourceVersion "1"]
[SourceVersionDate "2008.11.26"]
[SourceQuality "1"]

1. e4 c6 2. d4 d5 3. Nc3 dxe4 4. Nxe4 Bf5 5. Ng3 Bg6 6. Nf3 Nd7 7. h4 h6 8. h5 Bh7 9. Bd3 Bxd3 10. Qxd3 e6 11. Bf4 Qa5+ 12. Bd2 Bb4 13. c3 Bd6 14. Ne4 Be7 15. Bf4 0-0-0 16. Nfd2 e5 17. dxe5 Nxe5 18. Qh3+ Rd7 19. 0-0 Nd3 20. Nc4 Qd5 21. Ncd6+ Bxd6 22. Nxd6+ Kd8 23. Rad1 Nxf4 24. Qh4+ Nf6 25. Rxd5 N4xd5 26. Nf5 Rg8 27. c4 Nb6 28. Nxg7 Ke7 29. Nf5+ Ke6 30. Nxh6 Re8 31. Re1+ Kd6 32. Qxf6+ Re6 33. Nxf7+ Rxf7 34. Qxe6+ Kc5 35. Qxf7 Nxc4 36. Rc1 b5 37. b3 a5 38. bxc4 bxc4 39. Qxc4+ Kd6 40. Qxc6+ Ke5 41. Rc5+ 1-0

[Event "Hamburg HSK Elo op 5th"]
[Site "Hamburg"]
[Date "2007.04.29"]
[Round "4.22"]
[White "Tavassoli, Bijan"]
[Black "Lingnau, Diethard"]
[Result "0-1"]
[WhiteElo "1615"]
[BlackElo "1866"]
[PlyCount "120"]
[EventDate "2007.04.28"]
[EventType "swiss"]
[EventRounds "7"]
[EventCountry "GER"]
[SourceTitle "EXT 2009"]
[Source "ChessBase"]
[SourceDate "2008.11.26"]
[SourceVersion "1"]
[SourceVersionDate "2008.11.26"]
[SourceQuality "1"]

1. d4 Nc6 2. Nf3 d5 3. g3 Bg4 4. Bg2 e6 5. 0-0 Nf6 6. Bg5 h6 7. Bf4 Bd6 8. Bxd6 cxd6 9. c3 0-0 10. Nbd2 Rc8 11. h3 Bh5 12. Re1 Ne4 13. Nh2 f5 14. g4 fxg4 15. Nxe4 dxe4 16. Bxe4 gxh3 17. d5 Qh4 18. Qd3 Qxf2+ 19. Kh1 exd5 20. Bxd5+ Kh8 21. Qxh3 Bxe2 22. Ng4 Bxg4 23. Qxg4 Ne5 24. Qg2 Qh4+ 25. Qh2 Qxh2+ 26. Kxh2 Rf2+ 27. Kg3 Rxb2 28. c4 Rf8 29. Rab1 Rxb1 30. Rxb1 b6 31. a4 g5 32. a5 Rb8 33. axb6 Rxb6 34. Ra1 a6 35. Ra5 Nd3 36. Kg4 Nf4 37. c5 dxc5 38. Bc4 Kg7 39. Rxc5 Ne6 40. Ra5 Rb4 41. Kh5 Rxc4 42. Rxg5+ Kf6 43. Rg6+ Kf5 44. Rg1 Nf4+ 45. Kxh6 Rc6+ 46. Kh7 a5 47. Ra1 Ra6 48. Ra4 Ke5 49. Kg7 Ne6+ 50. Kf7 Nc5 51. Ra1 a4 52. Rh1 a3 53. Rh5+ Kd4 54. Rh4+ Kc3 55. Rh5 Nd3 56. Rh8 a2 57. Rc8+ Kb3 58. Rb8+ Nb4 59. Re8 a1Q 60. Re3+ Kc4 0-1

[Event "Hamburg HSK Elo op 5th"]
[Site "Hamburg"]
[Date "2007.04.28"]
[Round "1.21"]
[White "Colpe, Malte"]
[Black "Tavassoli, Bijan"]
[Result "1-0"]
[WhiteElo "2016"]
[BlackElo "1615"]
[PlyCount "127"]
[EventDate "2007.04.28"]
[EventType "swiss"]
[EventRounds "7"]
[EventCountry "GER"]
[SourceTitle "EXT 2009"]
[Source "ChessBase"]
[SourceDate "2008.11.26"]
[SourceVersion "1"]
[SourceVersionDate "2008.11.26"]
[SourceQuality "1"]

1. d4 d5 2. c4 e6 3. Nf3 Nf6 4. g3 Be7 5. Bg2 0-0 6. 0-0 Nbd7 7. Nc3 dxc4 8. e4 c6 9. a4 Qa5 10. Bg5 Bb4 11. Qc2 h6 12. Bxf6 Nxf6 13. Ne5 Rd8 14. Rfd1 Qa6 15. Bf1 Qb6 16. Nxc4 Qc7 17. Bg2 c5 18. Nb5 Qe7 19. d5 exd5 20. exd5 a6 21. d6 Qf8 22. Nc7 Rb8 23. a5 Ne8 24. Qe4 Nxd6 25. Nxd6 c4 26. Qxc4 Bxd6 27. Rac1 Qe7 28. Nd5 Qf8 29. Rc2 Be6 30. Rcd2 Kh8 31. h4 Rbc8 32. Qb3 Rb8 33. Rd4 Be5 34. Re4 Bd6 35. g4 Rd7 36. g5 h5 37. Bf3 g6 38. Qc3+ Qg7 39. Nf6 Rc7 40. Qd2 Be7 41. Qf4 Rbc8 42. Red4 Qf8 43. Qe5 Qg7 44. b4 Bxf6 45. gxf6 Qf8 46. Qg5 Kh7 47. Qe5 Qh6 48. Be4 Bg4 49. Bd5 Bxd1 50. Rxd1 Rc1 51. Rxc1 Qxc1+ 52. Kg2 Qc7 53. Qe7 Qxe7 54. fxe7 Re8 55. Bxb7 Rxe7 56. Bxa6 Re4 57. b5 Ra4 58. b6 Rxa5 59. b7 Rxa6 60. b8Q Re6 61. Qf8 Rf6 62. Qe7 Kg7 63. Qe5 g5 64. hxg5 1-0

[Event "Hamburg HSK Elo op 5th"]
[Site "Hamburg"]
[Date "2007.04.28"]
[Round "2.23"]
[White "Tavassoli, Bijan"]
[Black "Hagenlueke, Thomas"]
[Result "0-1"]
[WhiteElo "1615"]
[BlackElo "1930"]
[PlyCount "124"]
[EventDate "2007.04.28"]
[EventType "swiss"]
[EventRounds "7"]
[EventCountry "GER"]
[SourceTitle "EXT 2009"]
[Source "ChessBase"]
[SourceDate "2008.11.26"]
[SourceVersion "1"]
[SourceVersionDate "2008.11.26"]
[SourceQuality "1"]

1. d4 Nf6 2. c4 Nc6 3. Nc3 e5 4. d5 Ne7 5. e4 Ng6 6. a3 Bc5 7. Nge2 Ng4 8. Be3 Nxe3 9. fxe3 Bxe3 10. Ng3 d6 11. Qe2 Qg5 12. Nf5 Bxf5 13. exf5 Ne7 14. g4 h5 15. h4 Qf4 16. gxh5 Nxf5 17. Qg2 Nd4 18. Bd3 Bc1 19. Kd1 Nb3 20. Rb1 Qd2+ 21. Qxd2 Bxd2 22. Nb5 Ba5 23. Kc2 a6 24. Kxb3 axb5 25. cxb5 Rxh5 26. Rbg1 Kf8 27. Rg5 Rxg5 28. hxg5 Ke7 29. Rh7 Rg8 30. Kc2 Bb6 31. b4 g6 32. Rh2 Be3 33. Rg2 Rh8 34. a4 Rh5 35. Be2 Rxg5 36. Rxg5 Bxg5 37. a5 Be3 38. a6 bxa6 39. bxa6 f5 40. Kd3 Bb6 41. Kc4 e4 42. Bd1 Kf6 43. Kb5 f4 44. Kc6 f3 45. Kb7 g5 46. a7 Bxa7 47. Kxa7 Ke7 48. b5 g4 49. Kb7 Kd8 50. Kc6 e3 51. b6 cxb6 52. Kxd6 e2 53. Ba4 e1Q 54. Be8 Qe7+ 55. Kc6 Qxe8+ 56. Kd6 Qd7+ 57. Ke5 f2 58. Kd4 f1R 59. Ke5 Rf5+ 60. Ke4 Qxd5+ 61. Ke3 Rf3+ 62. Ke2 Qd3+ 0-1